Research Anthology on Vocational Education and Preparing Future Workers / (Record no. 52477)

MARC details
000 -LEADER
fixed length control field 00619nam a22002057a 4500
003 - CONTROL NUMBER IDENTIFIER
control field OSt
008 - FIXED-LENGTH DATA ELEMENTS--GENERAL INFORMATION
fixed length control field 260629b |||||||| |||| 00| 0 eng d
020 ## - INTERNATIONAL STANDARD BOOK NUMBER
International Standard Book Number 9781668463963
082 ## - DEWEY DECIMAL CLASSIFICATION NUMBER
Classification number 370.113
Item number I43R
100 ## - MAIN ENTRY--PERSONAL NAME
Personal name IRMA
245 ## - TITLE STATEMENT
Title Research Anthology on Vocational Education and Preparing Future Workers /
Statement of responsibility, etc. by Information Resources Management Association; volume- l
260 ## - PUBLICATION, DISTRIBUTION, ETC. (IMPRINT)
Place of publication, distribution, etc .- USA
Name of publisher, distributor, etc : IGI Global
Date of publication, distribution, etc , 2022
300 ## - PHYSICAL DESCRIPTION
Extent x,451p.
365 ## - TRADE PRICE
Price note 2vol. set price- 50374.35
650 ## - SUBJECT ADDED ENTRY--TOPICAL TERM
Topical term or geographic name as entry element Social Sciences
650 ## - SUBJECT ADDED ENTRY--TOPICAL TERM
Topical term or geographic name as entry element Education
650 ## - SUBJECT ADDED ENTRY--TOPICAL TERM
Topical term or geographic name as entry element Vocational Education
650 ## - SUBJECT ADDED ENTRY--TOPICAL TERM
Topical term or geographic name as entry element Career Education
942 ## - ADDED ENTRY ELEMENTS (KOHA)
Source of classification or shelving scheme
Koha item type Books
Holdings
Withdrawn status Lost status Source of classification or shelving scheme Damaged status Not for loan Home library Current library Date acquired Source of acquisition Cost, normal purchase price Full call number Barcode Date last seen Bill Date Koha item type Bill Number
          Dr. Rajendra Prasad Central Agricultural University Pusa, Dr. Rajendra Prasad Central Agricultural University Pusa, 29/06/2026 TTPP, New Delhi 25187.00 370.113 I43R 87677 29/06/2026 29/01/2026 Books IN-00449
Hosted, Implemented, Customized & Maintained by: BestBookBuddies

Powered by Koha